000 00557nam a2200229Ia 4500
003 OSt
005 20220924152621.0
006 a|||||r|||| 00| 0
007 ta
008 220923b |||||||| |||| 00| 0 guj d
024 _a343367
037 _cTextual
040 _aARTS
_cARTS
_bguj
041 _2guj
_aguj
082 _aO:g, 156H0
100 _aThakor Ravindra
_9227092
245 0 _aSahitya
260 _c1940
650 _aGUJRATI LITERATURE
942 _hO:g, 156H0
_cTEXL
_2CC
999 _c470428
_d470428